| 000 | 00715cam a22002531 4500 | ||
|---|---|---|---|
| 001 | 4605795 | ||
| 003 | ARRUPE | ||
| 005 | 20140221170559.0 | ||
| 008 | 781106s1935 enkcf 001 0beng | ||
| 010 | _a36008583 | ||
| 035 | _a(OCoLC)ocm04349311 | ||
| 035 | _a(NNC)4605795 | ||
| 040 |
_aDLC _cBTS _dDLC _dOCLCQ |
||
| 050 | 0 | 0 |
_aCT1098.S45 _bR3 1935 |
| 098 | _aMY58 | ||
| 100 | 1 |
_aRatter, Magnus _q(Magnus C.) _98895 |
|
| 245 | 1 | 0 |
_aAlbert Schweitzer, _cby Magnus C. Ratter. |
| 260 |
_aLondon, _bAllenson _c[1935] |
||
| 300 |
_a260 p., _bfront., plates, ports. _c22 cm. |
||
| 504 | _aBibliography : p. 255-256. | ||
| 600 | 1 | 0 |
_aSchweitzer, Albert, _d1875-1965. _98896 |
| 942 |
_2lcc _cMONOGRAPH |
||
| 999 |
_c120150 _d120150 |
||